000
00262nam a2200085Ia 4500
008
170620s9999 xx 000 0 und d
100
_a
Sharma- Surendra Kumar (Hindi)
245
0
_a
Aadhunik Bhartiya Samaj mein Shiksha (Hindi)
260
_b
New Delhi- Discovery Publishing House
260
_c
2005
999
_c
24274
_d
24274